| 000 | 00550nam a2200217Ia 4500 | ||
|---|---|---|---|
| 003 | 0100 | ||
| 008 | 130303s9999 xx 000 0 und d | ||
| 040 | _cARRUPELIB | ||
| 050 | _aB2430.L483E5813 2006 | ||
| 100 | _aLevinas, Emmanuel | ||
| 245 | _aEntre nous | ||
| 245 | _bthinking - of - the - other | ||
| 260 | _aLondon | ||
| 260 | _bContinuum | ||
| 260 | _C2006 | ||
| 300 | _aviii | ||
| 300 | _b 224p. 21cm. | ||
| 650 | _bEliot, Thomas Stearns The waste land | ||
| 700 | _aSmith, Michael B. ; Harshav, Barbara tr. | ||
| 942 |
_2lcc _02 |
||
| 999 |
_c62253 _d62253 |
||